000 00179nam a2200073Ia 4500
008 170524s9999 xx 000 0 und d
100 _aBRELSFORD
245 0 _aCONNECTING TO CUSTOMER
260 _bHIMALYA PUB. HOUSE
999 _c7976
_d7976